000 00335nam a22001337a 4500
082 _a332.0952MON
100 _aMonroe, Wilbur F.
245 _aJapan: Financial markets and world economy
260 _aNew York
_bPraeger
_c1973
300 _axxix,217p.
_bill.L25cm.
500 _aIncludes Index
650 _aWorld economy
942 _cBK
999 _c15621
_d15621